[Event "ch-FRA Blitz Online Qual"]
[Site "Europe-Chess INT"]
[Date "2020.05.16"]
[Round "10"]
[White "Rebut, Paul"]
[Black "Durand-Le Ludec, Brendan-Budok"]
[Result "1-0"]
[WhiteElo "1966"]
[BlackElo "2205"]
[WhiteFideId "45111057"]
[BlackFideId "26064340"]
[EventDate "2020.05.16"]

1. d4 Nf6 2. Bf4 d6 3. Nc3 g6 4. e4 Bg7 5. Qd2 O-O 6. O-O-O Nbd7 7. e5 Ne8 8. h4
c5 9. dxc5 dxe5 10. Bh6 Nef6 11. Bxg7 Kxg7 12. Nf3 Qc7 13. h5 Nxh5 14. Rxh5 gxh5
15. Qg5+ Kh8 16. Qxe7 e4 17. Nd5 Qe5 18. Nxe5 1-0

[Event "ch-FRA Blitz Online Qual"]
[Site "Europe-Chess INT"]
[Date "2020.05.16"]
[Round "10"]
[White "Coutton, Sylvain"]
[Black "Moracchini, Margaux"]
[Result "0-1"]
[WhiteElo "2185"]
[BlackElo "1933"]
[WhiteFideId "610194"]
[BlackFideId "36018198"]
[EventDate "2020.05.16"]

1. d4 Nf6 2. c4 g6 3. Nc3 Bg7 4. e4 d6 5. Nf3 O-O 6. Be2 e5 7. O-O Nbd7 8. Be3
h6 9. Rb1 Ng4 10. Bc1 a5 11. h3 Ngf6 12. Be3 Re8 13. d5 Nc5 14. Nd2 Bd7 15. b3
Rf8 16. a3 Ne8 17. b4 axb4 18. axb4 Na6 19. c5 f5 20. f3 g5 21. Nc4 h5 22. cxd6
Nxd6 23. Nxd6 cxd6 24. Nb5 Bxb5 25. Bxb5 f4 26. Bf2 Nc7 27. Bb6 Qe7 28. Be2 Ne8
29. Qd3 Nf6 30. Rfc1 Rfc8 31. Rc2 Qd7 32. Rbc1 Rxc2 33. Qxc2 g4 34. hxg4 hxg4
35. b5 gxf3 36. gxf3 Qh3 37. Bf2 Nh5 38. Qd3 Ng3 39. Bxg3 fxg3 40. Qe3 Qh2+ 41.
Kf1 g2+ 42. Ke1 g1=Q+ 43. Qxg1 Qxg1+ 44. Kd2 Ra2+ 0-1

[Event "ch-FRA Blitz Online Qual"]
[Site "Europe-Chess INT"]
[Date "2020.05.16"]
[Round "10"]
[White "Derige Kane, Yan"]
[Black "Alif, Yassine"]
[Result "1-0"]
[WhiteElo "2236"]
[BlackElo "1874"]
[WhiteFideId "20665431"]
[BlackFideId "45107203"]
[EventDate "2020.05.16"]

1. d4 Nf6 2. Bg5 g6 3. Bxf6 exf6 4. c4 Bg7 5. Nc3 O-O 6. g3 c6 7. Bg2 d6 8. e3
Nd7 9. Nge2 f5 10. O-O Nf6 11. b4 d5 12. cxd5 cxd5 13. Qb3 Be6 14. Nf4 g5 15.
Nfxd5 Rc8 16. Nxf6+ Qxf6 17. Qb2 Rc4 18. Rac1 Qe7 19. a3 Rd8 20. Na4 b6 21. Rxc4
Bxc4 22. Rc1 f4 23. Rxc4 fxe3 24. fxe3 Qxe3+ 25. Qf2 Qb3 26. Nb2 Re8 27. Bd5 Re7
28. Rc8+ Bf8 29. Bxb3 1-0

[Event "ch-FRA Blitz Online Qual"]
[Site "Europe-Chess INT"]
[Date "2020.05.16"]
[Round "10"]
[White "Luminais, Eric"]
[Black "Gordon, James"]
[Result "1/2-1/2"]
[WhiteElo "2161"]
[BlackElo "1775"]
[WhiteFideId "610372"]
[BlackFideId "45186154"]
[EventDate "2020.05.16"]

1. c4 e5 2. Nc3 Nc6 3. g3 f5 4. Bg2 Nf6 5. e3 d5 6. cxd5 Nb4 7. Qa4+ Bd7 8. Qb3
Nd3+ 9. Ke2 e4 10. f3 Nc5 11. Qc2 Be7 12. b4 Nd3 13. a3 c6 14. fxe4 fxe4 15.
Nxe4 Ne5 16. d4 Bg4+ 17. Ke1 Ng6 18. dxc6 O-O 19. cxb7 Rb8 20. Nc5 Bxc5 21. bxc5
Nd5 22. Qe4 Nf6 23. Qb1 Kh8 24. Ne2 Nd5 25. Qe4 Nf6 26. Qc2 Nd5 27. Rb1 Bf3 28.
Nf4 Ngxf4 29. Bxf3 Nh3 30. Qg2 Rxf3 31. Qxf3 Nc3 32. Rb3 Na4 33. Bd2 Ng5 34. Qf4
Ne6 35. Qd6 Qe8 36. Rf1 Nb6 37. cxb6 axb6 38. Rxb6 Nf8 39. Rxf8+ Qxf8 40. Qxf8+
Rxf8 41. b8=Q Kg8 42. Qxf8+ Kxf8 43. Rb7 Ke8 44. a4 Kd8 45. a5 Kc8 46. a6 g5 47.
d5 h6 48. e4 h5 49. e5 h4 50. g4 h3 51. Bxg5 1/2-1/2

[Event "ch-FRA Blitz Online Qual"]
[Site "Europe-Chess INT"]
[Date "2020.05.16"]
[Round "10"]
[White "Pigeat, Alexandre"]
[Black "Paralieu, Maxime"]
[Result "1-0"]
[WhiteTitle "FM"]
[WhiteElo "2293"]
[BlackElo "1569"]
[WhiteFideId "20649444"]
[BlackFideId "45154171"]
[EventDate "2020.05.16"]

1. d4 Nf6 2. c4 e6 3. Nc3 Bb4 4. e3 O-O 5. Ne2 d5 6. a3 Bxc3+ 7. Nxc3 c5 8. dxc5
Nc6 9. cxd5 exd5 10. Be2 Be6 11. O-O Qa5 12. Nb5 a6 13. Bd2 Qd8 14. Nd4 Qe7 15.
Bf3 Qxc5 16. Rc1 Qe7 17. Nxc6 bxc6 18. Bb4 Qd7 19. Bxf8 Rxf8 20. Qc2 Rc8 21.
Rfd1 Bf5 22. Qa4 Qb7 23. b4 Ne4 24. Bxe4 Bxe4 25. Rc5 Qd7 26. f3 Bg6 27. Rcxd5
Qb7 28. Rd8+ Rxd8 29. Rxd8# 1-0

[Event "ch-FRA Blitz Online Qual"]
[Site "Europe-Chess INT"]
[Date "2020.05.16"]
[Round "10"]
[White "Siffert, Arman"]
[Black "Ellis, Antoine"]
[Result "0-1"]
[WhiteElo "1887"]
[BlackElo "2066"]
[WhiteFideId "45125350"]
[BlackFideId "36019992"]
[EventDate "2020.05.16"]

1. d4 Nf6 2. Bf4 e6 3. e3 d5 4. Nd2 c5 5. c3 Nc6 6. Ngf3 cxd4 7. exd4 Nh5 8. Bg5
f6 9. Bh4 Bd6 10. Bg3 Nf4 11. Bxf4 Bxf4 12. Bd3 O-O 13. O-O e5 14. Bb5 e4 15.
Ne1 a6 16. Be2 f5 17. g3 Bh6 18. Ng2 f4 19. Bg4 f3 20. Bxc8 Qxc8 21. Ne1 Qh3 22.
Nb3 Rf5 0-1

[Event "ch-FRA Blitz Online Qual"]
[Site "Europe-Chess INT"]
[Date "2020.05.16"]
[Round "10"]
[White "Bag, Ayoub"]
[Black "Villegas, Pierre"]
[Result "0-1"]
[BlackTitle "IM"]
[WhiteElo "1467"]
[BlackElo "2364"]
[WhiteFideId "551012308"]
[BlackFideId "654183"]
[EventDate "2020.05.16"]

1. e4 c6 2. d4 d5 3. exd5 cxd5 4. Bd3 Nc6 5. Nf3 Bg4 6. c3 e6 7. Bf4 Bd6 8. Bxd6
Qxd6 9. Nbd2 Nge7 10. O-O O-O 11. Qb1 Bf5 12. Re1 f6 13. Bxf5 Nxf5 14. Re2 Rae8
15. Qe1 e5 16. dxe5 fxe5 17. Nb3 e4 18. Nfd4 Ne5 19. Rd1 Ng4 20. Nxf5 Qxh2+ 0-1

[Event "ch-FRA Blitz Online Qual"]
[Site "Europe-Chess INT"]
[Date "2020.05.16"]
[Round "10"]
[White "Miralles, Gilles"]
[Black "Kantzer, Romain"]
[Result "1-0"]
[WhiteTitle "GM"]
[WhiteElo "2418"]
[BlackElo "1930"]
[WhiteFideId "600059"]
[BlackFideId "26024640"]
[EventDate "2020.05.16"]

1. d4 Nf6 2. c4 e6 3. Nf3 Bb4+ 4. Nbd2 O-O 5. g3 Nc6 6. Bg2 d6 7. O-O e5 8. Nb3
exd4 9. Nfxd4 Nxd4 10. Qxd4 Nd7 11. a3 Nc5 12. Nxc5 Bxc5 13. Qd3 a6 14. b4 Ba7
15. Bb2 Qe7 16. Rad1 Re8 17. e3 Rb8 18. Qc3 Qg5 19. Rd5 Qg6 20. h4 Be6 21. Rg5
Qh6 22. Rxg7+ Kf8 23. Be4 f5 24. Rxc7 1-0

[Event "ch-FRA Blitz Online Qual"]
[Site "Europe-Chess INT"]
[Date "2020.05.16"]
[Round "10"]
[White "Joie, Sebastien"]
[Black "Ferey, Antonin"]
[Result "1-0"]
[WhiteTitle "IM"]
[WhiteElo "2393"]
[BlackElo "2138"]
[WhiteFideId "650420"]
[BlackFideId "36051454"]
[EventDate "2020.05.16"]

1. Nf3 d5 2. g3 Nc6 3. d4 Bf5 4. Bg2 Nb4 5. Na3 e6 6. O-O Nf6 7. c3 Nc6 8. Qb3
Qd7 9. c4 Be7 10. Bf4 O-O 11. Rac1 Na5 12. Qc3 Bxa3 13. Qxa5 Bxb2 14. Rcd1 Ne4
15. Ne5 Qe7 16. Qb5 Ba3 17. Qxb7 Rab8 18. Qa6 Rb2 19. Nc6 Qd6 20. Bxd6 1-0

[Event "ch-FRA Blitz Online Qual"]
[Site "Europe-Chess INT"]
[Date "2020.05.16"]
[Round "10"]
[White "Efimov, Igor"]
[Black "Fardet, Elouan"]
[Result "1-0"]
[WhiteTitle "GM"]
[WhiteElo "2409"]
[BlackElo "2163"]
[WhiteFideId "806404"]
[BlackFideId "45163596"]
[EventDate "2020.05.16"]

1. d4 Nf6 2. Bg5 Ne4 3. Bf4 d5 4. e3 c5 5. c3 Nc6 6. Bd3 Bf5 7. dxc5 Bg6 8. b4
e5 9. Bg3 Nxg3 10. hxg3 Bxd3 11. Qxd3 a5 12. Qb5 Qd7 13. Nf3 Be7 14. Nbd2 O-O
15. O-O Rfd8 16. a3 f6 17. Rfd1 e4 18. Nxe4 1-0

[Event "ch-FRA Blitz Online Qual"]
[Site "Europe-Chess INT"]
[Date "2020.05.16"]
[Round "10"]
[White "Guadalpi, David"]
[Black "Bellaiche, Elise"]
[Result "1-0"]
[WhiteTitle "FM"]
[BlackTitle "WFM"]
[WhiteElo "2272"]
[BlackElo "2036"]
[WhiteFideId "603244"]
[BlackFideId "696366"]
[EventDate "2020.05.16"]

1. e4 e6 2. d4 d5 3. e5 c5 4. c3 Nc6 5. Nf3 f6 6. exf6 Nxf6 7. Be2 Bd6 8. Nbd2
O-O 9. O-O e5 10. dxe5 Nxe5 11. Nxe5 Bxe5 12. Nf3 Bc7 13. Bg5 Be6 14. Bh4 Qd7
15. Re1 Ne4 16. Bd3 Rae8 17. Bxe4 dxe4 18. Rxe4 Qxd1+ 19. Rxd1 Bxa2 20. Rxe8
Rxe8 21. Rd7 Rc8 22. Bg3 Rd8 23. Rxd8+ Bxd8 24. Bd6 c4 25. Kf1 Kf7 26. Ke2 Ke6
27. Bc5 a5 28. Ke3 g6 29. Nd2 b5 30. f4 g5 31. g3 gxf4+ 32. gxf4 Kd5 33. Bf8
Bb6+ 34. Kf3 Bc7 35. Ke3 Bb6+ 36. Kf3 Bc7 37. Ne4 Bb3 38. Nf6+ Ke6 39. Nxh7 Kf5
40. Bh6 Bd1+ 41. Ke3 Kg6 42. Nf8+ Kxh6 43. Ne6 Bd6 44. Nd4 b4 45. Nc6 bxc3 46.
bxc3 1-0

[Event "ch-FRA Blitz Online Qual"]
[Site "Europe-Chess INT"]
[Date "2020.05.16"]
[Round "10"]
[White "Boyer, Mahel"]
[Black "Djidjeli, Sarah"]
[Result "1-0"]
[WhiteTitle "FM"]
[WhiteElo "2294"]
[BlackElo "2074"]
[WhiteFideId "45102422"]
[BlackFideId "36067474"]
[EventDate "2020.05.16"]

1. e4 c5 2. d3 Nc6 3. g3 g6 4. Bg2 Bg7 5. f4 e6 6. Nf3 Nge7 7. O-O O-O 8. c3 d5
9. Na3 a6 10. Nc2 Rb8 11. Be3 b6 12. e5 Nf5 13. Bf2 h5 14. d4 cxd4 15. cxd4 a5
16. h3 Ba6 17. Re1 Nfe7 18. Qd2 Rc8 19. g4 hxg4 20. hxg4 Qd7 21. Bh4 f6 22. exf6
Bxf6 23. Bxf6 Rxf6 24. g5 Rf7 25. Bh3 Nf5 26. Ne3 Re8 27. Ng4 Kg7 28. Nf6 Rxf6
29. gxf6+ Kxf6 30. Bxf5 gxf5 31. Qh2 Rg8+ 32. Kf2 Nb4 33. Qh4+ Kg7 34. Rg1+ Kf8
35. Qf6+ Qf7 36. Qd8+ Qe8 37. Rxg8+ Kxg8 38. Qxe8+ 1-0

[Event "ch-FRA Blitz Online Qual"]
[Site "Europe-Chess INT"]
[Date "2020.05.16"]
[Round "10"]
[White "Saya, Ethan"]
[Black "Le Brech, Cyril"]
[Result "1-0"]
[WhiteElo "2199"]
[BlackElo "1986"]
[WhiteFideId "26095181"]
[BlackFideId "20675186"]
[EventDate "2020.05.16"]

1. e4 c5 2. Nc3 Nc6 3. Bb5 e6 4. Bxc6 bxc6 5. d3 d5 6. f4 g6 7. Nf3 Bg7 8. O-O
Ba6 9. Qe1 Ne7 10. Qh4 c4 11. dxc4 Bxc4 12. Rd1 Ba6 13. f5 exf5 14. exd5 Nxd5
15. Nxd5 cxd5 16. Qa4+ Qd7 17. Re1+ Kd8 18. Qxa6 Re8 19. Bf4 Re4 20. Bd2 Rc8 21.
Ba5+ Ke8 22. Nd2 Rxe1+ 23. Rxe1+ Kf8 24. Bb4+ Kg8 25. Re7 Bd4+ 26. Kh1 Rxc2 27.
Rxd7 Rc1+ 28. Nf1 1-0

[Event "ch-FRA Blitz Online Qual"]
[Site "Europe-Chess INT"]
[Date "2020.05.16"]
[Round "10"]
[White "Ternault, Mathieu"]
[Black "Profili, Emilio"]
[Result "0-1"]
[WhiteTitle "FM"]
[WhiteElo "2363"]
[BlackElo "2053"]
[WhiteFideId "20641532"]
[BlackFideId "45160805"]
[EventDate "2020.05.16"]

1. Nf3 Nf6 2. c4 c5 3. e3 g6 4. d4 cxd4 5. exd4 d5 6. Nc3 Bg7 7. cxd5 Nxd5 8.
Bb5+ Nc6 9. Qb3 Nxc3 10. bxc3 O-O 11. O-O Be6 12. Qa4 Bd5 13. Be2 Rc8 14. Ba3 a6
15. Rfd1 Re8 16. Bb2 Na5 17. Ne5 b5 18. Qc2 Qc7 19. Qd2 Red8 20. Qe3 e6 21. a4
Bb3 22. axb5 Bxd1 23. Rxd1 axb5 24. f4 Nc4 25. Nxc4 bxc4 26. Ba3 Ra8 27. Bc5 Ra4
28. Bf3 Ra2 29. Rb1 Rb8 30. Qc1 h5 31. g3 Kh7 32. Ra1 Qa5 33. Rxa2 Qxa2 34. Bb4
Bxd4+ 35. Kh1 Bf6 36. h3 Qf2 37. Bg2 Qxg3 38. Bd6 Rb3 39. Qd1 Rxc3 40. f5 Qd3
41. fxg6+ fxg6 42. Qf1 Qxf1+ 43. Bxf1 Rd3 0-1

[Event "ch-FRA Blitz Online Qual"]
[Site "Europe-Chess INT"]
[Date "2020.05.16"]
[Round "10"]
[White "Lambach, Maxime"]
[Black "Mallassagne, Francois-Eric"]
[Result "0-1"]
[WhiteElo "1980"]
[BlackElo "2163"]
[WhiteFideId "36056880"]
[BlackFideId "620025"]
[EventDate "2020.05.16"]

1. e4 e5 2. Nf3 Nf6 3. Nxe5 Nc6 4. Nxc6 dxc6 5. d3 Bc5 6. h3 h5 7. Nc3 Be6 8.
Be2 Qd7 9. Be3 Bxe3 10. fxe3 O-O-O 11. Qd2 Qd6 12. O-O-O b5 13. Kb1 b4 14. Na4
Nxe4 15. Qe1 Ng3 16. d4 Nxh1 17. Nc5 a5 18. Ba6+ Kb8 19. Qxh1 Ka7 20. Qf1 Rb8
21. Ka1 Rhd8 22. Bb7 Qxc5 23. dxc5 Rxd1+ 24. Qxd1 Kxb7 25. Qxh5 g6 26. Qe2 Rd8
27. b3 Rd5 28. Kb2 Rxc5 29. e4 f5 30. e5 Bd5 31. e6 Be4 32. e7 Re5 33. Qd2 Rxe7
34. Qg5 Rd7 35. Qxg6 Rd2 36. Qe6 Rxc2+ 37. Ka1 Rc1+ 38. Kb2 Rb1# 0-1

[Event "ch-FRA Blitz Online Qual"]
[Site "Europe-Chess INT"]
[Date "2020.05.16"]
[Round "10"]
[White "Hutois, Mickael"]
[Black "Perrin, Antoine"]
[Result "1-0"]
[WhiteTitle "FM"]
[WhiteElo "2261"]
[BlackElo "1967"]
[WhiteFideId "652091"]
[BlackFideId "45127255"]
[EventDate "2020.05.16"]

1. b3 Nf6 2. Bb2 g6 3. e3 Bg7 4. d4 O-O 5. Bd3 d5 6. Ne2 c6 7. O-O Qc7 8. c4
Nbd7 9. Nbc3 e5 10. Rc1 e4 11. Bb1 Qd6 12. f3 exf3 13. Rxf3 Re8 14. h3 Nf8 15.
Nf4 dxc4 16. bxc4 Qb4 17. Qb3 Qxb3 18. axb3 Ne6 19. Nxe6 Bxe6 20. e4 Rad8 21. d5
Bd7 22. Rcf1 cxd5 23. Rxf6 Bxf6 24. Rxf6 dxc4 25. bxc4 Be6 26. Nd5 Bxd5 27. cxd5
Rc8 28. d6 Re6 29. Ba2 Rxf6 30. Bxf6 Rc1+ 31. Kh2 Rd1 32. Bd5 Rf1 33. d7 Rxf6
34. d8=Q+ Kg7 35. Bxb7 a6 36. Qd4 g5 37. Bxa6 Kg6 38. Bd3 Rf4 39. Qd6+ Kh5 40.
Be2+ 1-0

[Event "ch-FRA Blitz Online Qual"]
[Site "Europe-Chess INT"]
[Date "2020.05.16"]
[Round "10"]
[White "Zienkiewicz, Jan"]
[Black "Zachary, Matheo"]
[Result "0-1"]
[BlackTitle "FM"]
[WhiteElo "1914"]
[BlackElo "2334"]
[WhiteFideId "45116768"]
[BlackFideId "26024691"]
[EventDate "2020.05.16"]

1. e4 c5 2. Nf3 Nc6 3. Nc3 d6 4. d4 cxd4 5. Nxd4 e5 6. Ndb5 a6 7. Na3 b5 8. Nd5
Nge7 9. c4 Nd4 10. Bd3 Nxd5 11. exd5 Be7 12. O-O O-O 13. Be3 Nf5 14. Bxf5 Bxf5
15. cxb5 Bd7 16. b6 f5 17. f4 exf4 18. Bd4 Bf6 19. Nc4 Bb5 20. b3 Rb8 21. Rb1
Re8 22. Rxf4 g6 23. a4 Bxc4 24. bxc4 Be5 25. Bxe5 dxe5 26. Rf2 Rxb6 27. Rfb2
Rxb2 28. Rxb2 Qc7 29. Qd3 Qc5+ 30. Kh1 e4 31. Qc3 e3 32. Rb7 Qf8 33. Rb1 e2 34.
Re1 Qc5 35. Qd3 Qf2 36. Qb1 f4 37. d6 f3 38. gxf3 Qxf3+ 39. Kg1 Re4 40. Qb8+ Kg7
41. Qb7+ Kh6 42. h3 Qg3+ 43. Kh1 Qxe1+ 44. Kh2 Qf2+ 45. Kh1 e1=Q# 0-1

[Event "ch-FRA Blitz Online Qual"]
[Site "Europe-Chess INT"]
[Date "2020.05.16"]
[Round "10"]
[White "Casas, Alexandre"]
[Black "Daeschler, Florian"]
[Result "0-1"]
[BlackTitle "FM"]
[WhiteElo "1933"]
[BlackElo "2322"]
[WhiteFideId "45173451"]
[BlackFideId "20678193"]
[EventDate "2020.05.16"]

1. d4 d5 2. c4 e6 3. Nc3 Nf6 4. Nf3 Be7 5. Qc2 O-O 6. Bf4 c5 7. e3 cxd4 8. exd4
Nc6 9. a3 Bd7 10. cxd5 Nxd5 11. Nxd5 exd5 12. Bd3 Rc8 13. Bxh7+ Kh8 14. Qd3 Bf6
15. O-O Ne7 16. Ne5 g6 17. Bxg6 fxg6 18. Nxg6+ Nxg6 19. Qxg6 Qe7 20. Rae1 Qf7
21. Qd3 Rce8 22. Be5 Bxe5 23. dxe5 Bf5 24. Qd4 Qe6 25. Qxa7 Re7 26. Qd4 Rg7 27.
Re3 Kg8 28. b4 Be4 29. Rg3 Rxg3 30. hxg3 Rf7 31. f3 Bg6 32. f4 Be4 33. Qd1 Qb6+
34. Rf2 Rg7 35. Qh5 Rxg3 36. Qe8+ Kh7 37. Qe7+ Rg7 38. Qh4+ Kg8 39. g4 Qe3 40.
g5 Rc7 41. Kh2 Rc1 42. g6 Rh1# 0-1

[Event "ch-FRA Blitz Online Qual"]
[Site "Europe-Chess INT"]
[Date "2020.05.16"]
[Round "10"]
[White "Samoun, Florent"]
[Black "Gretry, Patrice"]
[Result "1-0"]
[WhiteTitle "FM"]
[WhiteElo "2299"]
[BlackElo "2017"]
[WhiteFideId "664995"]
[BlackFideId "624675"]
[EventDate "2020.05.16"]

1. g4 d5 2. Bg2 Bxg4 3. c4 Be6 4. Qb3 b6 5. cxd5 Bc8 6. Nc3 Bb7 7. e4 Nf6 8. d4
g6 9. Bf4 Bg7 10. Nge2 O-O 11. Rc1 Na6 12. h4 Rc8 13. Ng3 h5 14. e5 Ng4 15. Nb5
c5 16. Nxa7 Ra8 17. Nc6 Qc7 18. O-O cxd4 19. d6 exd6 20. exd6 Qd7 21. Ne7+ Kh8
22. Qxb6 Bxg2 23. Kxg2 Rfb8 24. Qa5 Nb4 25. Qg5 Nd3 26. Rc7 Nxf4+ 27. Qxf4 Qe6
28. Nc6 Rxb2 29. d7 Ne3+ 30. Kg1 Qh3 31. Qe4 Raxa2 32. d8=Q+ Kh7 33. Rxf7 Rxf2
34. Rxg7+ Kxg7 35. Qee7+ Kh6 36. Qh8# 1-0

[Event "ch-FRA Blitz Online Qual"]
[Site "Europe-Chess INT"]
[Date "2020.05.16"]
[Round "10"]
[White "Coiffait, Pierre-Basile"]
[Black "Cahen, Alexis"]
[Result "0-1"]
[WhiteElo "2261"]
[BlackElo "2122"]
[WhiteFideId "20665342"]
[BlackFideId "26076918"]
[EventDate "2020.05.16"]

1. e4 c5 2. Nf3 d6 3. d4 cxd4 4. Nxd4 Nf6 5. f3 g6 6. c4 Bg7 7. Nc3 O-O 8. Be3
Nc6 9. Be2 Nxd4 10. Bxd4 Be6 11. O-O Rc8 12. b3 a6 13. Rc1 Qa5 14. Qd2 Rfd8 15.
Rfd1 Nd7 16. Bf1 Bxd4+ 17. Qxd4 Qc5 18. Kf2 Rc7 19. g3 Rdc8 20. Qxc5 Rxc5 21. a4
Nf6 22. h3 h5 23. f4 b5 24. axb5 axb5 25. Nxb5 Nxe4+ 26. Kf3 d5 27. b4 R5c6 28.
Na7 Nf6 29. Nxc8 Rxc8 30. c5 Bf5 31. Bd3 Bxh3 32. Re1 Bg4+ 33. Kf2 e6 34. b5 Bf5
35. Bxf5 gxf5 36. c6 Ne8 37. b6 Nd6 38. b7 Rb8 39. Rb1 Ne8 40. Rec1 Nc7 41. Ra1
Kf8 42. Ke3 Ke7 43. Kd4 Kd6 44. Ra5 f6 45. Kd3 e5 46. Ra2 e4+ 47. Ke3 Nb5 48.
Rh2 d4+ 49. Kd2 Nc3 50. Rxh5 Kxc6 51. Rxf5 Rxb7 52. Rxf6+ Kd5 53. Rc2 e3+ 54.
Kd3 Rb1 55. Rf5+ Ke6 56. Re5+ Kf6 57. Kxd4 e2 58. Kxc3 e1=Q+ 59. Rxe1 Rxe1 60.
Kd3 Kf5 61. Rc3 Kg4 62. Kd4 Re8 63. Re3 Rd8+ 64. Ke4 Re8+ 65. Kd3 Rd8+ 66. Ke2
Rd4 67. Kf2 Rd2+ 68. Re2 Rd3 69. Re3 Rd2+ 70. Ke1 Rd7 71. Ke2 Ra7 72. Rd3 Re7+
73. Kd2 Ra7 74. Kc3 Rc7+ 75. Kd4 Rd7+ 76. Ke4 Re7+ 77. Kd4 Rd7+ 78. Kc4 Rc7+ 79.
Kb5 Rc1 80. Kb4 Rc7 81. Rc3 Rb7+ 82. Kc4 Rc7+ 83. Kd4 Re7 84. Kd5 Re1 85. Kd6
Re2 86. Rc4 Re1 87. Rd4 Re8 88. Rd3 Rd8+ 89. Ke6 Rxd3 90. f5 Re3+ 0-1

[Event "ch-FRA Blitz Online Qual"]
[Site "Europe-Chess INT"]
[Date "2020.05.16"]
[Round "10"]
[White "Weisman, Nathan"]
[Black "Spitz, Christophe"]
[Result "1-0"]
[WhiteElo "2186"]
[BlackElo "2137"]
[WhiteFideId "36060895"]
[BlackFideId "608378"]
[EventDate "2020.05.16"]

1. e4 c5 2. Nf3 g6 3. d4 cxd4 4. Qxd4 Nf6 5. Nc3 Nc6 6. Qa4 d6 7. e5 dxe5 8.
Nxe5 Bd7 9. Nxd7 Qxd7 10. Be3 Bg7 11. Rd1 Qc8 12. Be2 O-O 13. O-O a6 14. Qh4 Rd8
15. Bb6 Rxd1 16. Rxd1 Nd7 17. Be3 e6 18. Ne4 Nce5 19. Bh6 Bh8 20. f4 Qxc2 21.
fxe5 Qxe2 22. Rxd7 1-0

[Event "ch-FRA Blitz Online Qual"]
[Site "Europe-Chess INT"]
[Date "2020.05.16"]
[Round "10"]
[White "Janzelj, Lara"]
[Black "Lamaze, Simon"]
[Result "0-1"]
[WhiteTitle "WIM"]
[BlackTitle "CM"]
[WhiteElo "2210"]
[BlackElo "2185"]
[WhiteFideId "14608391"]
[BlackFideId "36069264"]
[EventDate "2020.05.16"]

1. d4 Nf6 2. c4 e6 3. Nf3 b6 4. a3 Bb7 5. Nc3 Be7 6. d5 O-O 7. e4 d6 8. Be2 e5
9. O-O a5 10. h3 h6 11. Rb1 Nbd7 12. b4 axb4 13. axb4 Nh7 14. Ne1 Bg5 15. Bb2 f5
16. exf5 Rxf5 17. Bg4 Rf8 18. Be6+ Kh8 19. Ne4 Ndf6 20. Nxg5 Nxg5 21. Bg4 Nxg4
22. Qxg4 Bc8 23. Qe2 Ra2 24. Ra1 Rxa1 25. Bxa1 Nxh3+ 26. gxh3 Bxh3 27. Ng2 Bxg2
28. Kxg2 Qg5+ 29. Kh3 Rf4 0-1

[Event "ch-FRA Blitz Online Qual"]
[Site "Europe-Chess INT"]
[Date "2020.05.16"]
[Round "10"]
[White "Hasseine, Madiane"]
[Black "Kovacs, Klara"]
[Result "1-0"]
[BlackTitle "WIM"]
[WhiteElo "2157"]
[BlackElo "2154"]
[WhiteFideId "45180482"]
[BlackFideId "733210"]
[EventDate "2020.05.16"]

1. d4 e6 2. c4 Nf6 3. Nc3 d5 4. cxd5 exd5 5. Bg5 c6 6. e3 Bf5 7. Qf3 Bg6 8. Bxf6
Qxf6 9. Qxf6 gxf6 10. Nf3 Nd7 11. Nh4 Bb4 12. g3 Nb6 13. a3 Bxc3+ 14. bxc3 Na4
15. Rc1 Ke7 16. Kd2 Kd6 17. c4 dxc4 18. Bxc4 Nb6 19. Bb3 Rhe8 20. Rhe1 Rad8 21.
Ng2 Be4 22. Nf4 Re7 23. Ke2 Kc7 24. f3 Bf5 25. Kf2 Kb8 26. e4 Bc8 27. Rcd1 f5
28. e5 Be6 29. Bc2 Nc4 30. a4 Nb2 31. Rb1 Nc4 32. Red1 Red7 33. Ne2 Na3 34. Rb2
c5 35. Rd3 Nc4 36. Rb1 cxd4 37. Rbd1 Nxe5 38. Rxd4 Rxd4 39. Rxd4 Rc8 40. Bd1 Rc3
41. Nf4 Ra3 42. h4 b6 43. Rd8+ Kc7 44. Rh8 Ra2+ 45. Kg1 Rd2 46. Be2 a5 47. Rxh7
Kd6 48. h5 Bc4 49. Bxc4 Nxc4 50. Rxf7 Kc5 51. Rxf5+ Kb4 52. h6 Ne3 53. Rb5+ Kxa4
54. Rxb6 Nf5 55. g4 Ne7 56. h7 Rd8 57. Rh6 Rh8 58. g5 Nf5 59. Rh2 Kb5 60. g6 a4
61. Ne6 a3 62. g7 Nxg7 63. Nxg7 Kb4 64. Ne6 Kb3 65. Nd4+ Kc3 66. Nb5+ Kb4 67.
Nxa3 Kxa3 68. Kf2 Kb4 69. Ke3 Kc5 70. Rh6 Kd5 71. Kf4 Rf8+ 72. Kg5 Ke5 73. h8=Q+
Rxh8 74. Rxh8 1-0

[Event "ch-FRA Blitz Online Qual"]
[Site "Europe-Chess INT"]
[Date "2020.05.16"]
[Round "10"]
[White "Trabet, Mathis"]
[Black "Partac, Elena"]
[Result "1-0"]
[BlackTitle "WGM"]
[WhiteElo "2118"]
[BlackElo "2079"]
[WhiteFideId "36041289"]
[BlackFideId "13901001"]
[EventDate "2020.05.16"]

1. e4 c5 2. Nf3 e6 3. Qe2 Nc6 4. c3 Nf6 5. d3 Be7 6. g3 O-O 7. Bg2 e5 8. O-O d6
9. Nbd2 Ne8 10. Ne1 f5 11. f4 exf4 12. gxf4 Nf6 13. Nc2 Re8 14. e5 dxe5 15. fxe5
Ng4 16. h3 Ngxe5 17. Nf3 Qxd3 18. Qf2 Nxf3+ 19. Bxf3 Bf6 20. Rd1 Qb5 21. c4 Qb6
22. Be3 Nd4 23. Nxd4 cxd4 24. Bxd4 Bxd4 25. Qxd4 Qxd4+ 26. Rxd4 Be6 27. Rad1
Rac8 28. b3 f4 29. Bxb7 Rb8 30. Bd5 Bxd5 31. Rxd5 Rf8 32. Kf2 h6 33. Rd7 g5 34.
R1d6 Rf7 35. Rxf7 Kxf7 36. Rxh6 Kg7 37. Ra6 Rb7 38. Kf3 Rf7 39. c5 Rc7 40. b4
Kf7 41. Kg4 Rb7 42. a3 Rc7 43. Kxg5 f3 44. Rf6+ Kg7 45. Rxf3 a5 46. Rd3 axb4 47.
axb4 Rb7 48. Rd4 Rc7 49. h4 1-0

[Event "ch-FRA Blitz Online Qual"]
[Site "Europe-Chess INT"]
[Date "2020.05.16"]
[Round "10"]
[White "Geronimi, Jean-Thomas"]
[Black "Fournier, Loic"]
[Result "1-0"]
[WhiteElo "1827"]
[BlackElo "2116"]
[WhiteFideId "36098515"]
[BlackFideId "36013463"]
[EventDate "2020.05.16"]

1. e4 c5 2. Nf3 Nc6 3. d4 cxd4 4. Nxd4 g6 5. c4 Bg7 6. Be3 Nf6 7. Nc3 O-O 8. Be2
d6 9. O-O Bd7 10. f4 Nxd4 11. Bxd4 Bc6 12. Rc1 Nd7 13. Bxg7 Kxg7 14. b3 Nc5 15.
b4 Ne6 16. Kh1 b6 17. f5 Ng5 18. h4 h6 19. hxg5 hxg5 20. fxg6 Rh8+ 21. Kg1 f6
22. Nd5 Rh6 23. b5 Bb7 24. Bh5 Qh8 25. g4 Qd8 26. Rf2 Rc8 27. Qd4 Qd7 28. Rxf6
e5 29. Qf2 Bxd5 30. exd5 Rxh5 31. Rf7+ 1-0